000 00624nam a2200241 i 4500
001 C2-0145048
003 PPAK
005 20180727130519.0
008 980118s1982 enka|||| ||||| | eng d
020 _a0711011478
040 _aPPAK
_beng
_cPPAK
_erda
082 0 4 _a359.96
_223
090 0 0 _a359.96
_bDEA
_dR
100 1 _aDear, Ian,
_eauthor
245 1 0 _aMarines at war
264 1 _aLondon :
_bIan Allan Ltd. ,
_c1982
300 _a128 pages :
_billustrations ;
_c29 cm
336 _2rdacontent
_atext
337 _2rdamedia
_aunmediated
338 _2rdacarrier
_avolume
650 1 0 _aSea-power
942 _ddc
_cB
999 _c45696
_d45696